000
00303nam a2200133Ia 4500
008
231017s9999 xx 000 0 und d
082
_a
624.183
082
_b
BSI
245
0
_a
Carbon steel bars for the reinforcement of concrete
245
0
_c
BSI
260
_b
BSI
300
_c
30cm
942
_c
REP
999
_c
605681
_d
605681